000 00954nam a22002657a 4500
008 130821s1990 fr gr fre
020 _a2275007288
022 _a1150-3009
040 _aCo-BoUCM
_bspa
041 0 0 _afre
100 1 _aAudit, Bernard
245 1 3 _aLa vente internationale de marchandises
_bconvention des Nations-Unies du 11 avril 1980
_cBernard Audit
260 _aParís (Francia)
_bL.G.D.J.
_cc1990
300 _ax, 224 páginas
490 0 _aDroit des affaires
504 _aIncluye bibliografía e índice general.
650 0 4 _aCompraventa (Derecho internacional)
_vTratados
650 0 4 _aContratos (Derecho internacional público)
_vTratados
650 0 4 _aDerecho comercial internacional
_912719
650 0 4 _aDerecho comercial
_912717
650 0 4 _aDerecho internacional
_912776
650 0 4 _aObligaciones (Derecho comercial)
942 _cLIBRO
_a8
_e1
_mA912
_2DEWEY
_h341.754
999 _c68706
_d68706